[Event "Shumen Stojan Ivanov Memorial"]
[Site "Shumen"]
[Date "2023.07.29"]
[Round "8"]
[White "Stoyanov, Tsvetan"]
[Black "Petrov, Martin"]
[Result "1/2-1/2"]
[WhiteElo "2344"]
[BlackElo "2431"]
[PlyCount "46"]
[EventDate "2023.07.28"]
[EventType "swiss (rapid)"]
[EventRounds "11"]
[EventCountry "BUL"]
[SourceTitle "CBM 215 Extra"]
[Source "ChessBase"]
[SourceDate "2023.09.30"]
[SourceVersion "1"]
[SourceVersionDate "2023.09.30"]
[SourceQuality "1"]

1. e4 c5 2. Nf3 d6 3. Bb5+ Nd7 4. 0-0 a6 5. Bd3 Ngf6 6. c3 b5 7. Re1 Bb7 8. a4 c4 9. Bc2 Nc5 10. axb5 axb5 11. Rxa8 Qxa8 12. Na3 Bxe4 13. Nxb5 Bxc2 14. Qxc2 Qb8 15. Na3 d5 16. d4 cxd3 17. Qd1 Qb3 18. Be3 e6 19. Ne5 Qxd1 20. Rxd1 Nfd7 21. Nc6 Nb3 22. Nb5 Ndc5 23. Ne5 f6 1/2-1/2

[Event "Shumen Stojan Ivanov Memorial"]
[Site "Shumen"]
[Date "2023.07.29"]
[Round "6"]
[White "Stoyanov, Tsvetan"]
[Black "Yanev, Pavel"]
[Result "1-0"]
[WhiteElo "2344"]
[BlackElo "2143"]
[PlyCount "73"]
[EventDate "2023.07.28"]
[EventType "swiss (rapid)"]
[EventRounds "11"]
[EventCountry "BUL"]
[SourceTitle "CBM 215 Extra"]
[Source "ChessBase"]
[SourceDate "2023.09.30"]
[SourceVersion "1"]
[SourceVersionDate "2023.09.30"]
[SourceQuality "1"]

1. e4 c5 2. Nf3 Nc6 3. Bb5 Nf6 4. Nc3 g6 5. 0-0 Bg7 6. Re1 0-0 7. e5 Ng4 8. Bxc6 dxc6 9. d3 Nh6 10. h3 Nf5 11. Bf4 Nd4 12. Nd2 Ne6 13. Bg3 Qc7 14. a4 a5 15. Nc4 Bd7 16. Ne4 Kh8 17. Nf6 Rad8 18. Re4 Qc8 19. Nb6 Qc7 20. Nbxd7 Rxd7 21. Nxd7 Qxd7 22. Qd2 b6 23. Rae1 Qd5 24. b3 Kg8 25. f3 Rd8 26. h4 h5 27. Bf2 Qd7 28. g4 hxg4 29. fxg4 Qd5 30. Qe2 Kf8 31. Rf1 Kg8 32. Bg3 Nd4 33. Qf2 Qe6 34. Qg2 Rd5 35. c3 Nxb3 36. Qc2 Bxe5 37. Qxb3 1-0

[Event "Titled Tuesday intern op 25th Jul Late"]
[Site "Chess.com INT"]
[Date "2023.07.25"]
[Round "3"]
[White "Stoyanov, Tsvetan"]
[Black "Gireman, Ja"]
[Result "1/2-1/2"]
[WhiteElo "2454"]
[BlackElo "2199"]
[PlyCount "120"]
[EventDate "2023.07.25"]
[EventType "swiss (blitz)"]
[EventRounds "11"]
[EventCountry "USA"]
[SourceTitle "EXT 2024"]
[Source "ChessBase"]
[SourceDate "2023.10.10"]
[SourceVersion "1"]
[SourceVersionDate "2023.10.10"]
[SourceQuality "1"]

1. b3 Nf6 2. Bb2 g6 3. Bxf6 exf6 4. c4 Bg7 5. Nc3 0-0 6. g3 f5 7. Rc1 Re8 8. e3 a5 9. Bg2 c6 10. Nge2 d6 11. 0-0 Nd7 12. d4 Nb6 13. Nf4 a4 14. Qc2 axb3 15. axb3 h5 16. h4 Bh6 17. Nd3 Qf6 18. Ra1 Rxa1 19. Rxa1 f4 20. Nxf4 Bxf4 21. exf4 Qxd4 22. Rd1 Qg7 23. Rxd6 Bf5 24. Qd2 Nd7 25. Nd1 Nc5 26. Rd8 Rxd8 27. Qxd8+ Qf8 28. Qxf8+ Kxf8 29. b4 Na6 30. b5 cxb5 31. cxb5 Nc7 32. b6 Na8 33. Ne3 Be6 34. Bxb7 Nxb6 35. f5 Bd7 36. f6 Be6 37. Bc6 Bd7 38. Bxd7 Nxd7 39. Nd5 Ne5 40. Kg2 Ke8 41. f3 Kd7 42. Nf4 Kd6 43. Kf2 Nd7 44. g4 hxg4 45. fxg4 Nxf6 46. Kf3 Ke5 47. g5 Ne8 48. Kg4 Ng7 49. Nh3 Nh5 50. Nf2 Nf4 51. Nh1 Nd3 52. Ng3 Kd4 53. h5 gxh5+ 54. Kxh5 Ke3 55. Kh6 Kf3 56. Nh5 Ne5 57. Nf6 Kf4 58. Nh7 Kf5 59. Kg7 Nf3 60. Kxf7 Nxg5+ 1/2-1/2

[Event "Titled Tuesday intern op 25th Jul Late"]
[Site "Chess.com INT"]
[Date "2023.07.25"]
[Round "8"]
[White "Stoyanov, Tsvetan"]
[Black "Tarhan, Adar"]
[Result "0-1"]
[WhiteElo "2454"]
[BlackElo "2347"]
[PlyCount "78"]
[EventDate "2023.07.25"]
[EventType "swiss (blitz)"]
[EventRounds "11"]
[EventCountry "USA"]
[SourceTitle "EXT 2024"]
[Source "ChessBase"]
[SourceDate "2023.10.10"]
[SourceVersion "1"]
[SourceVersionDate "2023.10.10"]
[SourceQuality "1"]

1. c4 e5 2. Nc3 Nf6 3. Nf3 Nc6 4. g3 Bb4 5. Nd5 Bc5 6. Bg2 d6 7. 0-0 Nxd5 8. cxd5 Ne7 9. d4 exd4 10. Nxd4 0-0 11. Bg5 h6 12. Be3 Re8 13. Rc1 Bb6 14. h3 Ng6 15. a4 Bd7 16. Rc3 Qf6 17. b4 a5 18. b5 Bc5 19. Qd3 Ne5 20. Qc2 b6 21. Nb3 Bf5 22. Qc1 Nd7 23. Nxc5 Nxc5 24. Rc4 Qg6 25. Bxc5 dxc5 26. d6 cxd6 27. Bxa8 Rxa8 28. g4 Be6 29. Rf4 d5 30. Rd1 Re8 31. Rd3 d4 32. Rg3 Bd5 33. e3 d3 34. f3 c4 35. e4 Be6 36. Rg2 Qg5 37. Qe3 c3 38. h4 Qc5 39. Qxc5 bxc5 0-1

[Event "Titled Tuesday intern op 18th Jul Early"]
[Site "Chess.com INT"]
[Date "2023.07.18"]
[Round "4"]
[White "Moskvin, Anatoly"]
[Black "Stoyanov, Tsvetan"]
[Result "1/2-1/2"]
[WhiteElo "2189"]
[BlackElo "2454"]
[PlyCount "186"]
[EventDate "2023.07.18"]
[EventType "swiss (blitz)"]
[EventRounds "11"]
[EventCountry "USA"]
[SourceTitle "EXT 2024"]
[Source "ChessBase"]
[SourceDate "2023.10.10"]
[SourceVersion "1"]
[SourceVersionDate "2023.10.10"]
[SourceQuality "1"]

1. e4 c5 2. Nf3 a6 3. g3 b5 4. Bg2 Bb7 5. d3 d6 6. 0-0 Nd7 7. Re1 g6 8. c3 Bg7 9. d4 e5 10. dxe5 dxe5 11. a4 Ngf6 12. Bg5 0-0 13. Nbd2 h6 14. Bxf6 Qxf6 15. Bf1 Bc6 16. Qc2 c4 17. axb5 axb5 18. b3 cxb3 19. Qxb3 Rxa1 20. Rxa1 Nc5 21. Qb4 Nxe4 22. Nxe4 Qxf3 23. Bg2 Qe2 24. Nf6+ Bxf6 25. Bxc6 e4 26. Bxb5 Qf3 27. Bc6 Bxc3 28. Bxe4 Qxf2+ 29. Kxf2 Bxb4 30. Ra4 Bc5+ 31. Kf3 Kg7 32. Rc4 Bb6 33. Rc6 Rb8 34. h3 Bd4 35. Bd3 Rb3 36. Ke4 Bb6 37. g4 Rb4+ 38. Kf3 Rb3 39. Ke4 Bd8 40. Rd6 Be7 41. Rd7 Kf8 42. Kf3 Rb4 43. Rd5 Bg5 44. Rd7 Rf4+ 45. Kg3 Rf6 46. h4 Bf4+ 47. Kg2 Be5 48. Rd5 Bd6 49. h5 g5 50. Bf5 Ke7 51. Rb5 Kf8 52. Rb7 Kg7 53. Kf3 Bf4 54. Ke4 Rd6 55. Rd7 Rc6 56. Bg6 Re6+ 57. Kd5 Re5+ 58. Kd4 Kf6 59. Rxf7+ Ke6 60. Rh7 Rd5+ 61. Ke4 Re5+ 62. Kf3 Re3+ 63. Kf2 Rg3 64. Bf5+ Kf6 65. Rxh6+ Kg7 66. Rg6+ Kf7 67. Ra6 Rh3 68. Ke2 Rh2+ 69. Kd3 Rh3+ 70. Kc4 Be5 71. h6 Bf6 72. h7 Rh2 73. Kd5 Rd2+ 74. Kc4 Rd4+ 75. Kc5 Rd8 76. Ra7+ Be7+ 77. Kc4 Kf6 78. Kb5 Rb8+ 79. Kc6 Rd8 80. Rc7 Rf8 81. Kd7 Rd8+ 82. Kc6 Rd6+ 83. Kb7 Rd8 84. Rc8 Rxc8 85. Kxc8 Kg7 86. Kd7 Bf6 87. Ke6 Bc3 88. Ke7 Bd2 89. Ke6 Bf4 90. Ke7 Bc1 91. Ke6 Bf4 92. Ke7 Bc1 93. Ke6 Bf4 1/2-1/2